| 000 | 006130000a22002170004500 | ||
|---|---|---|---|
| 003 | LK-CoMWRAF | ||
| 005 | 20230929104715.0 | ||
| 008 | 230817t ||||| |||| 00| 0 eng d | ||
| 020 | _a8187570407 | ||
| 040 |
_aLK-CoMWRAF _dLK-CoMWRAF _eLK-CoMWRAF |
||
| 041 | _aeng | ||
| 082 |
_a297.2 _bKHA |
||
| 100 | _aKhan, Maulana Wahiduddin | ||
| 245 |
_aIslam Rediscovered : _bDiscovering Islam from its original sources |
||
| 260 |
_aNew Delhi (India) : _bGoodword books, _c2001 |
||
| 300 | _a297 p. ; 22 cm | ||
| 650 | _aIslam | ||
| 650 | _aIslam -- Doctrines | ||
| 650 | _aReligious life -- Islam | ||
| 942 | _cBK | ||
| 999 |
_c1485 _d1485 |
||